000 00555nam a2200193 a 4500
005 20220818063535.0
008 060630s2005 mx r 000 0 spa d
020 _a9681915631
035 _aUPN01000145590
049 _aI
050 4 _aPZ73
_bA7.2
100 1 _aArciniegas, Triunfo,
_d1957-
_932433
245 1 4 _aLos besos de María /
_cTriunfo Arciniegas.
260 _aMéxico :
_bAlfaguara,
_c2005.
300 _a76 p. :
_bil.
440 0 _aAlfaguara infantil.
_pDesde 8 años
650 0 _aCuentos infantiles colombianos
_94407
905 _aInfantil
999 _c117736
_d117736